New World Depression - $uicideboy$ - Statistics

General Stats
  • This quiz has been taken 9 times
  • The average score is 10 of 13
Answer Stats
Songs Plays Artists % Correct
Burgundy 67,060,011 $uicideboy$
100%
Drag ’Em to the River (Totalitarian remix) 23,119,867 $uicideboy$
89%
Kill Yourself V 26,465,813 $uicideboy$
89%
The Thin Grey Line 106,037,339 $uicideboy$
89%
Thorns 69,598,931 $uicideboy$
89%
Are You Going to See the Rose in the Vase, or the Dust on the Table 103,267,935 $uicideboy$
78%
Lone Wolf Hysteria 55,122,088 $uicideboy$
78%
Mental Clarity Is a Luxury I Can’t Afford 32,811,725 $uicideboy$
78%
The Light at the End of the Tunnel for $9.99 a Month 43,230,729 $uicideboy$
78%
Transgressions 22,056,960 $uicideboy$
78%
Us Vs. Them 114,541,912 $uicideboy$
78%
All of My Problems Always Involve Me 22,473,310 $uicideboy$
67%
Misery in Waking Hours 42,316,339 $uicideboy$
56%
No matching quizzes found
Score Distribution
Percent of People with Each Score
Percentile by Number Answered
Your Score History
You have not taken this quiz